Automatizované systémy merania riadené mikropočítačmi

Gespeichert in:
Bibliographische Detailangaben
Format: Buch
Sprache:Slowakisch
Veröffentlicht: Bratislava Alfa 1986
Schriftenreihe:Edícia elektrotechnickej literatúry
Tags: Tag hinzufügen
Keine Tags, Fügen Sie das erste Tag hinzu!

MARC

LEADER 00000nam a2200000 4500
001 c105333
005 20041019155134.3
041 0 |a slo 
044 |a SK 
245 1 0 |a Automatizované systémy merania riadené mikropočítačmi 
264 1 |a Bratislava  |b Alfa  |c 1986 
300 |a 214 s. 
490 1 |a Edícia elektrotechnickej literatúry 
830 0 |a Edícia elektrotechnickej literatúry